[Event "Heraklion Gazi op 9th"]
[Site "Heraklion"]
[Date "2013.08.03"]
[Round "9"]
[White "Milonakis, Georgios"]
[Black "Stiakakis, Ioannis Leonidas"]
[Result "1-0"]
[WhiteElo "2213"]
[BlackElo "1406"]
[PlyCount "63"]
[EventDate "2013.07.27"]
[EventType "swiss"]
[EventRounds "9"]
[EventCountry "GRE"]
[SourceTitle "CBM 155 Extra"]
[Source "ChessBase"]
[SourceDate "2013.08.26"]
[SourceVersion "1"]
[SourceVersionDate "2013.08.26"]
[SourceQuality "1"]

1. e4 e5 2. Nf3 Nc6 3. Bb5 a6 4. Ba4 Nf6 5. 0-0 Be7 6. Re1 b5 7. Bb3 0-0 8. h3 d6 9. c3 Na5 10. Bc2 c5 11. d3 Qc7 12. Nbd2 Re8 13. Nf1 Bb7 14. Ng3 Nc6 15. Nf5 Bf8 16. Bg5 Nd7 17. Nh2 Ne7 18. Qf3 Nxf5 19. Qxf5 g6 20. Qg4 Bg7 21. Qh4 f6 22. Bd2 Nf8 23. Ng4 Qe7 24. Bb3+ Ne6 25. Ne3 Rac8 26. Qg4 Kh8 27. g3 Ng5 28. h4 Nf7 29. h5 Nh6 30. Qh3 Rc7 31. hxg6 hxg6 32. Ng4 1-0

[Event "Heraklion Gazi op 9th"]
[Site "Heraklion"]
[Date "2013.07.31"]
[Round "6"]
[White "Stiakakis, Ioannis Leonidas"]
[Black "Androni, Konstantina"]
[Result "0-1"]
[WhiteElo "1406"]
[BlackElo "1953"]
[PlyCount "60"]
[EventDate "2013.07.27"]
[EventType "swiss"]
[EventRounds "9"]
[EventCountry "GRE"]
[SourceTitle "CBM 155 Extra"]
[Source "ChessBase"]
[SourceDate "2013.08.26"]
[SourceVersion "1"]
[SourceVersionDate "2013.08.26"]
[SourceQuality "1"]

1. e4 c5 2. Nc3 d6 3. f4 Nf6 4. Nf3 a6 5. d3 e6 6. g3 b5 7. Bg2 Bb7 8. 0-0 Be7 9. h3 Nc6 10. Bd2 Qc7 11. Ne2 d5 12. e5 Nd7 13. Qe1 Nb6 14. g4 0-0-0 15. c3 Kb8 16. d4 Nc4 17. b3 Nxd2 18. Qxd2 Qb6 19. Rfd1 h6 20. Kh1 Rc8 21. dxc5 Qxc5 22. Rac1 Rhd8 23. Nfd4 Qb6 24. Qb2 b4 25. Nxc6+ Rxc6 26. Nd4 Rxc3 27. Rxc3 bxc3 28. Qxc3 Rc8 29. Qb2 Qa5 30. Rd2 Ba3 0-1

[Event "Iraklio SOI op-A 8th"]
[Site "Iraklio"]
[Date "2013.05.07"]
[Round "3"]
[White "Kourouyiannis, Fivos"]
[Black "Stiakakis, Ioannis Leonidas"]
[Result "1-0"]
[WhiteElo "1774"]
[BlackElo "1409"]
[PlyCount "73"]
[EventDate "2013.05.06"]
[EventType "swiss"]
[EventRounds "7"]
[EventCountry "GRE"]
[SourceTitle "EXT 2024"]
[Source "ChessBase"]
[SourceDate "2023.10.10"]
[SourceVersion "1"]
[SourceVersionDate "2023.10.10"]
[SourceQuality "1"]

1. d4 d5 2. c4 e6 3. Nc3 Nf6 4. Bg5 Be7 5. e3 Nbd7 6. Nf3 h6 7. Bh4 0-0 8. c5 c6 9. Bd3 b6 10. b4 a5 11. a3 Ba6 12. 0-0 Bxd3 13. Qxd3 axb4 14. axb4 bxc5 15. bxc5 Re8 16. h3 Nh5 17. Bxe7 Qxe7 18. Rfb1 e5 19. Nd2 e4 20. Qe2 Qg5 21. Rxa8 Rxa8 22. Qd1 f5 23. Rb7 Nf8 24. Rb6 Rc8 25. Qa4 f4 26. Nf1 f3 27. g3 Nxg3 28. fxg3 h5 29. Rxc6 Qf5 30. Kh2 Nh7 31. Rxc8+ Qxc8 32. Nxd5 Qd8 33. Qb3 Kh8 34. c6 h4 35. c7 hxg3+ 36. Nxg3 Qc8 37. Qb8 1-0

[Event "Iraklio SOI op 7th"]
[Site "Iraklio"]
[Date "2013.01.03"]
[Round "2"]
[White "Lirindzakis, Timotheos"]
[Black "Stiakakis, Ioannis Leonidas"]
[Result "1-0"]
[WhiteElo "2308"]
[BlackElo "1423"]
[PlyCount "45"]
[EventDate "2013.01.02"]
[EventType "swiss"]
[EventRounds "7"]
[EventCountry "GRE"]
[SourceTitle "EXT 2024"]
[Source "ChessBase"]
[SourceDate "2023.10.10"]
[SourceVersion "1"]
[SourceVersionDate "2023.10.10"]
[SourceQuality "1"]

1. Nf3 Nf6 2. c4 c5 3. Nc3 d5 4. cxd5 Nxd5 5. d4 cxd4 6. Qxd4 Nxc3 7. Qxc3 Nc6 8. e4 Bd7 9. Bb5 e6 10. 0-0 a6 11. Be2 f6 12. Be3 Be7 13. Rfd1 Qc7 14. Rac1 0-0 15. Qb3 Qd8 16. Qxb7 Rb8 17. Qxd7 Qxd7 18. Rxd7 Rxb2 19. Rxc6 Rxe2 20. Rxe7 Rxa2 21. h4 Ra8 22. Rcc7 f5 23. Rxg7+ 1-0